| 000 | nam a22 7a 4500 | ||
|---|---|---|---|
| 999 |
_c328385 _d328385 |
||
| 003 | Nust | ||
| 005 | 20170406120327.0 | ||
| 008 | 170406b xxu||||| |||| 00| 0 eng d | ||
| 040 | _cDLC | ||
| 082 | _a823 DOY | ||
| 100 | _aDoyle, Sir arthur conan | ||
| 245 | _aThe Greatest Stories of Sherlock Holmes / | ||
| 260 |
_aNew Delhi : _bIndiana Publishing House, |
||
| 300 | _avi, 208p. : | ||
| 942 |
_2ddc _cBK |
||